Biggest Boy Bands of All Time - Statistics

General Stats
  • This quiz has been taken 21 times
  • The average score is 8 of 16
Answer Stats
Picture Answer % Correct
The Jackson 5
95%
Backstreet Boys
90%
One Direction
90%
The Beatles
85%
Jonas Brothers
80%
NSYNC
75%
BTS
60%
New Kids On The Block
60%
Boyz II Men
50%
Take That
35%
Westlife
30%
Boyzone
25%
The Osmonds
25%
Menudo
20%
New Edition
15%
Big Time Rush
10%
No matching quizzes found
Score Distribution
Percent of People with Each Score
Percentile by Number Answered
Your Score History
You have not taken this quiz